| 000 | 00658nam a22001937a 4500 | ||
|---|---|---|---|
| 999 |
_c13915 _d13915 |
||
| 003 | AR-CdUCM | ||
| 008 | 190417b ||||| |||| 00| 0 spa d | ||
| 040 |
_aMUNICIPALIDAD PROVINCIAL DEL CUSCO _cBIBLIOTECA MUNICIPAL DEL CUSCO |
||
| 082 |
_aC / 759.85 / _bE85 |
||
| 110 |
_aCorporación de reconstrucción y fomento del Cuzco _928924 |
||
| 245 | _aEl escultor de la colonia / | ||
| 260 |
_aCuzco : _c1964. |
||
| 505 | _aContenido :El escultor de la colonia / | ||
| 650 |
_aEscultura _913152 |
||
| 650 |
_aColonia _91685 |
||
| 710 |
_aDepartamento de reconstrucción y monumentos históricos _932531 |
||
| 942 |
_2ddc _cFOLLETOS |
||
| 945 |
_arjall _d2019-04-17 |
||